Normal view
MARC view
- Stein, Joel.
Entry Personal Name
001 - CONTROL NUMBER
- control field: 38954
003 - CONTROL NUMBER IDENTIFIER
- control field: OSt
005 - DATE AND TIME OF LATEST TRANSACTION
- control field: 20190724154453.0
008 - FIXED-LENGTH DATA ELEMENTS
- fixed length control field: 190724|| aca||aabn | a|a d
040 ## - CATALOGING SOURCE
- Original cataloging agency: OSt
- Transcribing agency: OSt
100 ## - HEADING--PERSONAL NAME
- Personal name: Stein, Joel.
670 ## - SOURCE DATA FOUND
- Source citation: Work cat.: (OSt): Stein, Joel., Four legs good, two legs irrelevant/, c2016.
